載入...
Penguins who lost the march /
| 主要作者: | |
|---|---|
| 格式: | Printed Book |
| 出版: |
Calicut :
Yeti Books ,
2006.
|
| 主題: |
| LEADER | 00425cam a2200133ua 4500 | ||
|---|---|---|---|
| 999 | |c 39727 |d 39727 | ||
| 082 | 1 | 4 | |a In 823.01 |b SAN-P |
| 100 | 1 | |a Sangita. | |
| 245 | 1 | 0 | |a Penguins who lost the march / |
| 260 | |a Calicut : |b Yeti Books , |c 2006. | ||
| 300 | |a 79p. ; | ||
| 650 | 0 | |a Indian literature in english | |
| 942 | |c BK | ||
| 952 | |0 0 |1 0 |4 0 |6 IN_823_010000000000000_SANP |7 0 |9 50881 |a KU |b KU |d 2015-07-05 |l 0 |o In 823.01 SAN-P |p EN14820 |r 2015-07-05 |y BK | ||